00506nam a22001577a 4500008004100000020001500041040001800056041000800074100003300082245008200115260005600197300001800253650002300271650002900294650002500323130821s1990 ve gr spa  a9806110765 aCo-BoUCMbspa00aspa1 aRodríguez Elizondo, José13aLa crisis de las izquierdas en América LatinacJosé Rodríguez Elizondo. aCaracas (Venezuela)bEditorial Nueva Sociedadc1990 a150 páginas04aCiencia política04aIdeologías políticas04aPartidos políticos